000 00658nam a2200217Ia 4500
999 _c41214
_d41214
001 7866
003 GE_BSU
005 20221114123504.0
008 181216s2011||||en |||||||||||||| ||eng||
020 _a9781408237106x
041 _aeng
080 _a811.111-8+338.22 R-71
100 _aRogers,John
_93301
245 _aUpper-itermediate MARKET LEADER :
_business English Practice file /
_cJohn Rogers.
264 _aEngland,
_c2011.
300 _a96 p .:
_bIll ,
_c29 cm.
_e+CD
653 _aBusiness English Practice file
653 _aUpper-itermediate MARKET LEADER
653 _aბიზნეს ინგლისური
942 _cBK
_2udc